| 000 | 01718cam a2200385 a 4500 | ||
|---|---|---|---|
| 001 | 12274491 | ||
| 003 | ARRUPE | ||
| 005 | 20150403020005.0 | ||
| 008 | 010109s2001 enkab b 001 0 eng | ||
| 010 | _a 2001018100 | ||
| 020 | _a0521802199 | ||
| 020 | _a0521001943 (pbk.) | ||
| 040 |
_aDLC _cDLC _dDLC |
||
| 043 | _af-sa--- | ||
| 050 | 0 | 0 |
_aDT1974.2 _b.W55 2001 |
| 082 | 0 | 0 |
_a305.8/00968 _221 |
| 100 | 1 |
_aWilson, Richard, _d1964- _94680 |
|
| 245 | 1 | 4 |
_aThe politics of truth and reconciliation in South Africa : _blegitimizing the post-apartheid state / _cRichard A. Wilson. |
| 260 |
_aCambridge ; _aNew York : _bCambridge University Press, _c2001. |
||
| 300 |
_axxi, 271 p. : _bill., maps ; _c24 cm. |
||
| 440 | 0 |
_aCambridge studies in law and society _94681 |
|
| 504 | _aIncludes bibliographical references (p. 246-262) and index. | ||
| 610 | 1 | 0 |
_aSouth Africa. _bTruth and Reconciliation Commission. _94682 |
| 650 | 0 |
_aReconciliation _xPolitical aspects _zSouth Africa. _94683 |
|
| 650 | 0 |
_aApartheid _zSouth Africa. _94684 |
|
| 650 | 0 |
_aPost-apartheid era _zSouth Africa. _94685 |
|
| 650 | 0 |
_aRetribution. _94686 |
|
| 651 | 0 |
_aSouth Africa _xPolitics and government _y1994- _94687 |
|
| 651 | 0 |
_aSouth Africa _xRace relations. _94688 |
|
| 856 | 4 | 2 |
_3Publisher description _uhttp://www.loc.gov/catdir/description/cam021/2001018100.html |
| 856 | 4 | 1 |
_3Table of contents _uhttp://www.loc.gov/catdir/toc/cam028/2001018100.html |
| 906 |
_a7 _bcbc _corignew _d1 _eocip _f20 _gy-gencatlg |
||
| 942 |
_2lcc _cMONOGRAPH _03 |
||
| 999 |
_c118932 _d118932 |
||